| 000 | 00434nam a22001697a 4500 | ||
|---|---|---|---|
| 003 | CEME | ||
| 005 | 20210628210134.0 | ||
| 008 | 210202b xxu||||| |||| 00| 0 eng d | ||
| 040 | _c. | ||
| 082 | _a891.4393 ISH | ||
| 100 |
_aMuhammad Shahid _927318 |
||
| 245 | _aAshfaq ahmed beniaz sufi baba | ||
| 260 |
_aLAHORE _bILMO IRFAN _c2004 |
||
| 300 | _a190P | ||
| 650 |
_aURDU ADAB-BIOGRAPHY OF ASHFAQ AHMED _978261 |
||
| 942 |
_cBK _2ddc |
||
| 999 |
_c583409 _d583409 |
||